Putting the University Online : Information, Technology and Organizational Change /

Obra en que se estudia qué tipo de instituciones educativas se están convirtiendo las universidades ante la adopción de las nuevas tecnologías de información y comunicación en la enseñanza, la investigación y la administración, así como las consecuencias de los cambios en el papel y en la identidad...

Descrizione completa

Salvato in:
Dettagli Bibliografici
Autore principale: Cornford, James (autor)
Altri autori: Pollock, Neil (autor) (autor)
Natura: Libro
Lingua:inglese
Pubblicazione: Londres, Inglaterra : Society for Research into Higer Education : Open University, 2003, c2003
Soggetti:
Tags: Aggiungi Tag
Nessun Tag, puoi essere il primo ad aggiungerne!!

MARC

LEADER 00000nam^a2200000^a^4500
001 000153084
005 20250521000000.0
009 20260310100305.771
020 |a 0-335-21006-6 
037 |a Acervo ITESO - Biblioteca 
041 |a ING 
082 |a 371. 334  |b COR 
100 |a Cornford, James  |e (autor) 
245 1 0 |a Putting the University Online :  |b Information, Technology and Organizational Change /  |c J. Cornford, N. Pollock. 
264 4 |a Londres, Inglaterra :  |b Society for Research into Higer Education :  |b Open University,  |c 2003, c2003 
300 |a IX, 121 p. 
336 |a texto  |b txt  |2 rdacontenido 
337 |a sin mediación  |b n  |2 rdamedio 
338 |a volumen  |b nc  |2 rdasoporte 
520 |a Obra en que se estudia qué tipo de instituciones educativas se están convirtiendo las universidades ante la adopción de las nuevas tecnologías de información y comunicación en la enseñanza, la investigación y la administración, así como las consecuencias de los cambios en el papel y en la identidad de la universidad. 
649 |a XX 
650 |a Internet 
650 |a Computadoras en la Educación 
650 |a Redes de Computadoras 
650 |a Apoyos Didácticos 
650 |a Tecnologías de Comunicación e Información 
650 |a Medios de Comunicación 
650 |a Didáctica 
650 |a Tecnología Educativa 
650 |a Metodología Educativa 
650 |a Proceso Educativo 
650 |a Educación a Distancia 
650 |a Educación Superior 
650 |a Universidades 
650 |a Instituciones Educativas 
650 |a Comunicación Educativa 
650 |a Comunicación en Red 
650 |a Sistemas de Información 
650 |a Sistemas Computacionales 
650 |a Sistemas de Telecomunicación 
650 |a Telecomunicaciones 
650 |a Ingeniería Computacional 
650 |a Administración Educativa 
650 |a Sociología de la Comunicación 
650 |a Sociología de la Educación 
700 |a Pollock, Neil  |e (autor) 
910 |a Fondo General 
920 |a Impresos - Libros 
930 |a Colección General 
905 |a 101 
901 |a 0500081728  |b IT1  |c ACC  |u 20250521 
902 |a https://opac.biblio.iteso.mx/vufind/Record/000153084